01383nam a2200301 a 450000100100000000500170001000800410002704000230006808200180009124501410010925000300025026000620028030000270034249000240036949000350039350000850042850000820051350000770059565000510067265000300072370000360075370000330078974000220082283000670084491000340091195201210094599900150106600000577120200929151758.0820826r19811835uy a f000 0 spa  aDO-SdBNPcDLCdDLC aU861.08bP25603aEl Parnaso oriental, o, Guirnalda poética de la República Uruguaya /cLuciano Lira [compilador] ; prólogo de Juan E. Pivel Devoto. aReimpresión facsimilar. aMontevideo :bMinisterio de Educación y Cultura,c1981. a3 v. :bill. ;c19 cm.1 aBiblioteca Artigas.1 aCásicos uruguayos ;v159-161 aReprint (v. 1). Originally published: Buenos Aires : Impr. de la Libertad, 1835. aReprint (v. 2). Originally published: Montevideo : Impr. de la Caridad, 1835. aReprint (v. 3). Originally published: Montevideo : Impr. Oriental, 1837. 4aPoesia uruguayaxColeccionesySIGLO XIX916338 4aLiteratura uruguaya930541 aLira, Luciano,dd. 1840?9163391 aPivel Devoto, Juan E.9163160 aParnaso oriental. 0aBiblioteca Artigas.pClásicos uruguayos ;vv. 159-161916276 aCatalogación por copia / LC 001052708MOaGRbGRcCTd2009-08-22iLF1l0oU861.08 P256p5771-10r2020-06-25w2020-06-25y2ZPréstamo interno c5567d5567